El problema social agrario en Colombia : (Registro nro. 7936)

Detalles MARC
000 -LEADER
fixed length control field 01382nam a2200241Ia 4500
003 - CONTROL NUMBER IDENTIFIER
control field OSt
005 - DATE AND TIME OF LATEST TRANSACTION
control field 20210603122835.0
008 - FIXED-LENGTH DATA ELEMENTS--GENERAL INFORMATION
fixed length control field 210310s1985 ck gr 000 0 spa d
020 ## - INTERNATIONAL STANDARD BOOK NUMBER
International Standard Book Number 9586010422
040 ## - CATALOGING SOURCE
Original cataloging agency CO-JMCR
Transcribing agency CO-JMCR
041 0# - LANGUAGE CODE
Language code of text/sound track or separate title spa
082 04 - DEWEY DECIMAL CLASSIFICATION NUMBER
Classification number 333.31 /
Item number T686p
Edition number 23
100 1# - MAIN ENTRY--PERSONAL NAME
Personal name Toro Agudelo, Hernán,
9 (RLIN) 15866
Relator term autor
245 13 - TITLE STATEMENT
Title El problema social agrario en Colombia :
Remainder of title el pensamiento liberal en la solución del problema agrario /
Statement of responsibility, etc. Hernán Toro Agudelo
250 ## - EDITION STATEMENT
Edition statement Primera edición
260 ## - PUBLICATION, DISTRIBUTION, ETC.
Place of publication, distribution, etc. Bogotá :
Name of publisher, distributor, etc. Tercer Mundo,
Date of publication, distribution, etc. 1985
300 ## - PHYSICAL DESCRIPTION
Extent 435 páginas ;
Dimensions 21 cm.
505 0# - FORMATTED CONTENTS NOTE
Formatted contents note Planteamiento y soluciones del problema agrario -- Mensaje al congreso del ministro de agricultura -- Explicaciones al texto de los decretos reglamentarios -- Creación del instituto colombiano agropecuario ICA -- Proyectos de ley de Toro Agudelo -- Selección de editoriales de Hernán Toro Agudelo en el periódico El Diario, sobre la cuestión agraria -- Ponencia de Hernán Toro Agudelo en la Cámara de Representantes por medio del cual se archivo el proyecto de Ley del "MRL" sobre reforma agraria -- Semblanza de Hernán Toro Agudelo -- Noticia biográfica por Jaime Sierra García
650 14 - SUBJECT ADDED ENTRY--TOPICAL TERM
Topical term or geographic name entry element Reforma agraria
9 (RLIN) 15868
Geographic subdivision Colombia
650 24 - SUBJECT ADDED ENTRY--TOPICAL TERM
Topical term or geographic name entry element Agricultura y Estado
Geographic subdivision Colombia
9 (RLIN) 38086
650 24 - SUBJECT ADDED ENTRY--TOPICAL TERM
Topical term or geographic name entry element Derecho agrario
General subdivision Legislación
Geographic subdivision Colombia
9 (RLIN) 38087
942 ## - ADDED ENTRY ELEMENTS (KOHA)
Source of classification or shelving scheme Dewey Decimal Classification
Koha item type Books
Existencias
Withdrawn status Lost status Source of classification or shelving scheme Damaged status Not for loan Collection code Home library Current library Date acquired Source of acquisition Full call number Barcode Date last seen Copy number Koha item type
    Dewey Decimal Classification     Non-fiction Biblioteca Pública José María del Castillo y Rada Biblioteca Pública José María del Castillo y Rada 04/15/2018 Donación 333.31 / T686p 430003369 05/16/2024 Ej.1 Books